[Event "Thüringenliga 2011/2012"]
[Site "?"]
[Date "2011.10.09"]
[Round "2"]
[White "George, Tom"]
[Black "Katzer, Michael"]
[Result "1/2-1/2"]
[WhiteElo "1805"]
[BlackElo "1848"]
[PlyCount "87"]
[EventDate "2011.??.??"]
[WhiteTeam "SG Blau-Weiß Stadtilm"]
[BlackTeam "SV 1861 Liebschwitz"]

1. e4 c6 2. Nc3 d5 3. f4 dxe4 4. Nxe4 Nf6 5. Nf2 Qc7 6. g3 g6 7. b3 Bg7 8. Bb2
Nbd7 9. Nf3 O-O 10. Nd3 b5 11. Bg2 Qb6 12. Qe2 a5 13. Bd4 c5 14. Nfe5 Ra7 15.
Bf2 Bb7 16. O-O Bxg2 17. Kxg2 Rc7 18. Qf3 Nxe5 19. fxe5 Nd7 20. Rae1 Qc6 21.
Qxc6 Rxc6 22. c4 bxc4 23. bxc4 Rb8 24. g4 a4 25. Bh4 Re6 26. Bg3 Rb7 27. Re2 f6
28. Rfe1 fxe5 29. Bxe5 Bxe5 30. Nxe5 Nxe5 31. Rxe5 Rxe5 32. Rxe5 Rb2 33. Rxe7
Rxd2+ 34. Kh3 Rd4 35. Rc7 Rxc4 36. Kg3 Rc2 37. h4 Rxa2 38. Rxc5 Rb2 39. Ra5
Rb3+ 40. Kf4 a3 41. Ra7 h6 42. h5 gxh5 43. gxh5 Rd3 44. Kf5 1/2-1/2

[Event "Thüringenliga 2011/2012"]
[Site "?"]
[Date "2011.10.09"]
[Round "2"]
[White "Gerhardt, Frank"]
[Black "Siebarth, Marco"]
[Result "1-0"]
[WhiteElo "2037"]
[BlackElo "1972"]
[PlyCount "45"]
[EventDate "2011.??.??"]
[WhiteTeam "SV 1861 Liebschwitz"]
[BlackTeam "SG Blau-Weiß Stadtilm"]

1. e4 c5 2. Nf3 e6 3. d4 cxd4 4. Nxd4 Bc5 5. Nb5 Qb6 6. Be3 Bxe3 7. fxe3 Qxe3+
8. Be2 Na6 9. N1a3 Nf6 10. Nc4 Qc5 11. Nbd6+ Ke7 12. e5 Nd5 13. Qd2 h6 14. Rf1
f5 15. exf6+ Nxf6 16. O-O-O Rb8 17. Kb1 Rf8 18. Rxf6 Rxf6 19. Ne4 Qf5 20. Nxf6
Qxf6 21. Qd6+ Ke8 22. Rf1 Qe7 23. Bh5+ 1-0

[Event "Thüringenliga 2011/2012"]
[Site "?"]
[Date "2011.10.09"]
[Round "2"]
[White "Dittrich, Hans-Georg"]
[Black "Kastner, Peter"]
[Result "1/2-1/2"]
[WhiteElo "1633"]
[BlackElo "1994"]
[PlyCount "26"]
[EventDate "2011.??.??"]
[WhiteTeam "SG Blau-Weiß Stadtilm"]
[BlackTeam "SV 1861 Liebschwitz"]

1. e4 e5 2. f4 exf4 3. Nf3 Nf6 4. e5 Nh5 5. d4 g6 6. Nc3 d5 7. Be2 Bg7 8. O-O
Bg4 9. Qd3 c6 10. Nd1 Bf5 11. Qb3 Qb6 12. Qxb6 axb6 13. c3 Bh6 1/2-1/2

[Event "Thüringenliga 2011/2012"]
[Site "?"]
[Date "2011.10.09"]
[Round "2"]
[White "Birke, Andreas"]
[Black "Schröter, Maik"]
[Result "1-0"]
[WhiteElo "2131"]
[BlackElo "1619"]
[PlyCount "95"]
[EventDate "2011.??.??"]
[WhiteTeam "SV 1861 Liebschwitz"]
[BlackTeam "SG Blau-Weiß Stadtilm"]

1. e4 c5 2. c3 d6 3. d4 cxd4 4. cxd4 e6 5. d5 e5 6. Nc3 a6 7. a4 Nf6 8. h3 Be7
9. Nf3 Nbd7 10. Be3 Qa5 11. Nd2 Nc5 12. Qb1 Qc7 13. Be2 h6 14. O-O g5 15. Rc1
Qd8 16. b4 Ncd7 17. a5 Rg8 18. Na4 g4 19. h4 Nh5 20. Nb6 Rb8 21. Qc2 Nxb6 22.
Bxb6 Qd7 23. Ra3 Nf4 24. Bf1 Kf8 25. Rc3 Kg7 26. Rc7 Qe8 27. g3 Nh3+ 28. Kg2
Bd7 29. Nc4 Bb5 30. Ne3 Bxf1+ 31. Rxf1 Kh7 32. Nf5 Bf8 33. Ba7 Rd8 34. Rxb7 Rd7
35. Qc6 Rd8 36. Qxa6 Rg6 37. Rc1 Kg8 38. Rcc7 Qa4 39. Qd3 Qa1 40. Qf1 Qa3 41.
Be3 Rf6 42. Qc1 Qa2 43. Rc2 Qb3 44. Rb2 Qd3 45. Qc2 Qa6 46. Ra7 Qb5 47. Qe2 Qa4
48. Qxg4+ 1-0

[Event "Thüringenliga 2011/2012"]
[Site "?"]
[Date "2011.10.09"]
[Round "2"]
[White "Berner, Stephan"]
[Black "Biel, Maik"]
[Result "1/2-1/2"]
[WhiteElo "1798"]
[BlackElo "1998"]
[PlyCount "45"]
[EventDate "2011.??.??"]
[WhiteTeam "SG Blau-Weiß Stadtilm"]
[BlackTeam "SV 1861 Liebschwitz"]

1. e4 c5 2. Nc3 e6 3. f4 Nc6 4. Nf3 a6 5. a4 b6 6. g3 Bb7 7. Bg2 Qc7 8. d3 d6
9. Be3 Nf6 10. h3 Be7 11. Qd2 Rc8 12. O-O O-O 13. Rae1 d5 14. exd5 exd5 15. Bf2
d4 16. Ne4 Nxe4 17. Rxe4 Bf6 18. Re2 Nb4 19. Nxd4 Bxg2 20. Kxg2 Nxd3 21. Qxd3
cxd4 22. Kh2 Qc4 23. Qxc4 1/2-1/2

[Event "Thüringenliga 2011/2012"]
[Site "?"]
[Date "2011.10.09"]
[Round "2"]
[White "Manicke, Hans-Joachim"]
[Black "Albrecht, Jürgen"]
[Result "1/2-1/2"]
[WhiteElo "1921"]
[BlackElo "2120"]
[PlyCount "27"]
[EventDate "2011.??.??"]
[WhiteTeam "VfL 1990 Gera"]
[BlackTeam "SSV Vimaria 91 Weimar"]

1. e4 c5 2. c3 Nf6 3. e5 Nd5 4. d4 cxd4 5. Nf3 Nc6 6. cxd4 d6 7. Bc4 Nb6 8. Bb3
dxe5 9. Nxe5 Nxe5 10. dxe5 Qxd1+ 11. Bxd1 e6 12. O-O Bc5 13. Bf3 O-O 14. Nc3
1/2-1/2

[Event "Thüringenliga 2011/2012"]
[Site "?"]
[Date "2011.10.09"]
[Round "2"]
[White "Günther, Andreas"]
[Black "Seidens, Gunter"]
[Result "1/2-1/2"]
[WhiteElo "2141"]
[BlackElo "2017"]
[PlyCount "132"]
[EventDate "2011.??.??"]
[WhiteTeam "SSV Vimaria 91 Weimar"]
[BlackTeam "VfL 1990 Gera"]

1. Nc3 g6 2. e4 Bg7 3. d4 c6 4. h4 h5 5. Bc4 d6 6. Nh3 e6 7. Bg5 Qb6 8. O-O Nh6
9. Bxh6 Bxh6 10. Qd3 Qd8 11. Qg3 d5 12. Bd3 O-O 13. Ne2 dxe4 14. Bxe4 Qf6 15.
Rad1 Nd7 16. Rd3 Qg7 17. Qd6 e5 18. Rg3 Nf6 19. Bd3 e4 20. Bc4 Bg4 21. Nhf4
Rad8 22. Qc5 Kh7 23. Qxa7 Rd7 24. Qb6 Bf5 25. Nh3 Ng4 26. Ng5+ Kh8 27. c3 Qf6
28. Qc5 Kg7 29. f4 Re8 30. b4 Kh8 31. b5 Bf8 32. Qb6 Kg7 33. bxc6 bxc6 34. d5
cxd5 35. Qxf6+ Kxf6 36. Bb5 Bc5+ 37. Nd4 Rc8 38. Bxd7 Bxd7 39. Rb1 Ba7 40. Kf1
Be8 41. Rb2 Rc4 42. Ke2 Ra4 43. Rh3 Ra5 44. Rh1 Bxd4 45. cxd4 Bb5+ 46. Kd2 e3+
47. Kc3 Nf2 48. Kb4 Ra8 49. Rxf2 exf2 50. Kxb5 Rxa2 51. Kc5 Kf5 52. Nh3 Kg4 53.
Rf1 Kxh4 54. Rxf2 Rxf2 55. Nxf2 Kg3 56. Kxd5 Kxf2 57. Ke5 Kxg2 58. d5 h4 59. d6
h3 60. d7 h2 61. d8=Q h1=Q 62. Qa8+ Kh2 63. Qxh1+ Kxh1 64. Kf6 Kg2 65. Kxf7 Kf3
66. Kxg6 Kxf4 1/2-1/2

[Event "Thüringenliga 2011/2012"]
[Site "?"]
[Date "2011.10.09"]
[Round "2"]
[White "Kretzschmar, Bernd"]
[Black "Rensch, Toralf"]
[Result "1/2-1/2"]
[WhiteElo "1879"]
[BlackElo "2047"]
[PlyCount "100"]
[EventDate "2011.??.??"]
[WhiteTeam "VfL 1990 Gera"]
[BlackTeam "SSV Vimaria 91 Weimar"]

1. e4 c6 2. d3 d5 3. Nd2 Qb6 4. Ngf3 Bg4 5. h3 Bh5 6. Be2 Nd7 7. O-O e6 8. c3
Bg6 9. Nh4 Ngf6 10. Nxg6 hxg6 11. b4 Be7 12. Qc2 O-O 13. Nb3 Qc7 14. a4 c5 15.
bxc5 Nxc5 16. Bf3 dxe4 17. dxe4 Rfd8 18. Be3 Rac8 19. Nd4 a6 20. a5 Rd7 21.
Rfb1 e5 22. Ne2 Ne6 23. Qa4 Bc5 24. Bxc5 Nxc5 25. Qb4 Nd3 26. Qb6 Qc4 27. Qe3
Nc5 28. Rb4 Qe6 29. Rb6 Qe7 30. Rab1 Rcc7 31. Kh2 Rd3 32. Qg5 Na4 33. R6b3 Nxc3
34. Rc1 Rxf3 35. Nxc3 Rd3 36. Nd5 Nxd5 37. Qxe7 Nxe7 38. Rxc7 Rxb3 39. Rxe7 Rb5
40. Re8+ Kh7 41. Re7 f5 42. f3 Kh6 43. g4 fxe4 44. fxe4 Kg5 45. Rxg7 Rxa5 46.
Rxb7 Rb5 47. Ra7 a5 48. Ra6 Rc5 49. Kg3 Rc3+ 50. Kg2 Rc5 1/2-1/2

[Event "Thüringenliga 2011/2012"]
[Site "?"]
[Date "2011.10.09"]
[Round "2"]
[White "Riedel, Finn"]
[Black "Huster, Mike"]
[Result "1/2-1/2"]
[WhiteElo "2027"]
[BlackElo "1908"]
[PlyCount "74"]
[EventDate "2011.??.??"]
[WhiteTeam "SSV Vimaria 91 Weimar"]
[BlackTeam "VfL 1990 Gera"]

1. Nf3 Nf6 2. g3 d5 3. Bg2 e6 4. O-O Be7 5. c4 O-O 6. d4 c6 7. Qc2 Nbd7 8. Nc3
b6 9. e4 Bb7 10. e5 Ne8 11. h4 Nc7 12. Ng5 Bxg5 13. Bxg5 Qe8 14. cxd5 exd5 15.
Rad1 Ne6 16. Bc1 Rc8 17. f4 c5 18. dxc5 Ba6 19. f5 Nexc5 20. Rfe1 d4 21. Rxd4
Nxe5 22. Bd2 f6 23. b4 Ncd3 24. Re3 Qh5 25. b5 Qxf5 26. Rf4 Qd7 27. bxa6 Nxf4
28. gxf4 Ng4 29. Rd3 Qe7 30. Qb3+ Kh8 31. Qb5 f5 32. Rh3 Qf6 33. Nd5 Qd4+ 34.
Be3 Rc1+ 35. Bf1 Nxe3 36. Rxe3 h6 37. Qb4 Qxb4 1/2-1/2

[Event "Thüringenliga 2011/2012"]
[Site "?"]
[Date "2011.10.09"]
[Round "2"]
[White "Schönfeld, Volker"]
[Black "Philipp, Michael"]
[Result "1-0"]
[WhiteElo "1850"]
[BlackElo "1936"]
[PlyCount "71"]
[EventDate "2011.??.??"]
[WhiteTeam "VfL 1990 Gera"]
[BlackTeam "SSV Vimaria 91 Weimar"]

1. e4 c5 2. c3 e5 3. Nf3 Nc6 4. Bc4 d6 5. d4 Bg4 6. Be3 Nf6 7. d5 Na5 8. Bb5+
Bd7 9. Qa4 b6 10. Bg5 a6 11. Bxd7+ Qxd7 12. Qxd7+ Nxd7 13. Nbd2 Be7 14. Be3 f5
15. exf5 Rf8 16. b4 Nb7 17. Ne4 Rxf5 18. Nfg5 Bxg5 19. Nxg5 Nf6 20. Ne6 Kf7 21.
c4 cxb4 22. Bxb6 Rc8 23. h3 h6 24. g4 Rf3 25. g5 Ne4 26. gxh6 gxh6 27. Be3 Rxc4
28. Ke2 Rf6 29. Rhg1 Rg6 30. Rxg6 Kxg6 31. Rg1+ Kf5 32. Ng7+ Kf6 33. Kd3 Rc3+
34. Kxe4 Ra3 35. Nh5+ Kf7 36. Rg7+ 1-0

[Event "Thüringenliga 2011/2012"]
[Site "?"]
[Date "2011.10.09"]
[Round "2"]
[White "Stiefel, Roland"]
[Black "Walther, Thomas"]
[Result "1-0"]
[WhiteElo "1973"]
[BlackElo "1839"]
[PlyCount "51"]
[EventDate "2011.??.??"]
[WhiteTeam "SSV Vimaria 91 Weimar"]
[BlackTeam "VfL 1990 Gera"]

1. d4 d5 2. Bf4 e6 3. e3 c6 4. Nd2 f5 5. Bd3 Nf6 6. Ngf3 Bd6 7. Ne5 O-O 8. O-O
Ne4 9. Bxe4 fxe4 10. Qg4 Qf6 11. f3 Bxe5 12. Bxe5 Qg6 13. Qxg6 hxg6 14. fxe4
Nd7 15. Bd6 Re8 16. e5 b6 17. Rf4 Ba6 18. Nf3 Rac8 19. Ng5 c5 20. c3 Bb5 21.
Rd1 a6 22. Rd2 Nf8 23. Bxf8 Rxf8 24. Nxe6 Rxf4 25. Nxf4 Rf8 26. Rf2 1-0

[Event "Thüringenliga 2011/2012"]
[Site "?"]
[Date "2011.10.09"]
[Round "2"]
[White "Kopczak, Rüdiger"]
[Black "Gulich, Christian"]
[Result "1/2-1/2"]
[WhiteElo "1800"]
[BlackElo "1963"]
[PlyCount "24"]
[EventDate "2011.??.??"]
[WhiteTeam "VfL 1990 Gera"]
[BlackTeam "SSV Vimaria 91 Weimar"]

1. d4 f5 2. e4 fxe4 3. Nc3 Nf6 4. Bg5 d6 5. Bxf6 exf6 6. Nxe4 Qe7 7. Qe2 Bf5 8.
Ng3 Bg6 9. O-O-O Nd7 10. Re1 Qxe2 11. Bxe2 O-O-O 12. Bg4 d5 1/2-1/2

[Event "Thüringenliga 2011/2012"]
[Site "?"]
[Date "2011.10.09"]
[Round "2"]
[White "Goemann, Jens"]
[Black "Urban, Lars"]
[Result "1/2-1/2"]
[WhiteElo "2113"]
[BlackElo "1935"]
[PlyCount "40"]
[EventDate "2011.??.??"]
[WhiteTeam "TSG Apolda"]
[BlackTeam "SV Empor Erfurt"]

1. c4 e6 2. g3 Nf6 3. Bg2 d5 4. Nf3 Be7 5. O-O O-O 6. b3 c5 7. Bb2 Nc6 8. e3 d4
9. exd4 cxd4 10. Re1 Ne8 11. d3 f6 12. Ba3 e5 13. Bxe7 Qxe7 14. a3 a5 15. Nbd2
Nc7 16. Qc2 Na6 17. Ne4 Bg4 18. c5 Rad8 19. Rac1 Rd5 20. h4 Be6 1/2-1/2

[Event "Thüringenliga 2011/2012"]
[Site "?"]
[Date "2011.10.09"]
[Round "2"]
[White "Buckan, Jens"]
[Black "Maiwald, Harald"]
[Result "1/2-1/2"]
[WhiteElo "1956"]
[BlackElo "2076"]
[PlyCount "113"]
[EventDate "2011.??.??"]
[WhiteTeam "SV Empor Erfurt"]
[BlackTeam "TSG Apolda"]

1. e4 c6 2. d4 d5 3. Nc3 dxe4 4. Nxe4 Bf5 5. Ng3 Bg6 6. Nf3 Nd7 7. h4 h6 8. Bf4
Qa5+ 9. c3 e6 10. Bd3 Bxd3 11. Qxd3 Ngf6 12. O-O Be7 13. Rfe1 O-O 14. Ne5 c5
15. dxc5 Nxe5 16. Bxe5 Qxc5 17. Bd4 Qc7 18. Qf3 b5 19. a4 b4 20. cxb4 Qc4 21.
Qc3 Rfc8 22. Rec1 Qa6 23. Qb3 Nd5 24. b5 Qb7 25. Qf3 Bxh4 26. Qg4 Bg5 27. Rxc8+
Rxc8 28. Qe2 Nf4 29. Qf3 Qd7 30. Be3 Nd5 31. Bxg5 hxg5 32. Rd1 a6 33. bxa6 Qxa4
34. Qd3 Nf4 35. b3 Qc6 36. Qf1 Ra8 37. Ra1 Nd5 38. Qc4 Qxc4 39. bxc4 Nb4 40.
Ne4 Rxa6 41. Rxa6 Nxa6 42. Nxg5 Nc5 43. f3 f6 44. Ne4 Nxe4 45. fxe4 Kf7 46. Kf2
Ke7 47. c5 Kd7 48. Ke3 Kc6 49. Kd4 Kb5 50. g3 g6 51. g4 Kc6 52. Kc4 f5 53. gxf5
gxf5 54. exf5 exf5 55. Kd4 f4 56. Ke4 Kxc5 57. Kxf4 1/2-1/2

[Event "Thüringenliga 2011/2012"]
[Site "?"]
[Date "2011.10.09"]
[Round "2"]
[White "Rohmeiß, Roberto"]
[Black "Pichl, Michael"]
[Result "1/2-1/2"]
[WhiteElo "2035"]
[BlackElo "1991"]
[PlyCount "99"]
[EventDate "2011.??.??"]
[WhiteTeam "TSG Apolda"]
[BlackTeam "SV Empor Erfurt"]

1. d4 d6 2. Nf3 g6 3. e3 Bg7 4. Be2 Nf6 5. O-O O-O 6. c4 Nbd7 7. Nc3 e5 8. b4
Re8 9. a4 e4 10. Nd2 Nf8 11. b5 h5 12. Nd5 Nxd5 13. cxd5 Qg5 14. Kh1 Qxd5 15.
Bc4 Qg5 16. f4 Qe7 17. Bd5 Bf5 18. Bxb7 Rab8 19. Bc6 Red8 20. Nb3 Nh7 21. Na5
Nf6 22. Qe1 Qe6 23. Qc3 Ng4 24. Qb3 Qf6 25. Ra2 Qh4 26. h3 Nh6 27. Qd1 d5 28.
Qe1 Qe7 29. Ba3 Qe6 30. Bc5 Bf8 31. Bxa7 Ra8 32. Bxa8 Rxa8 33. Nc6 Bd6 34. Qf2
Bxh3 35. gxh3 Qxh3+ 36. Kg1 Ng4 37. Qg2 Qxe3+ 38. Kh1 f5 39. Bc5 Bxc5 40. dxc5
Qxc5 41. Ne5 Kh7 42. Rc2 Qe7 43. Nxg4 hxg4 44. Rfc1 Ra7 45. Qd2 e3 46. Qxd5 e2
47. Qe5 Qh4+ 48. Kg1 Qg3+ 49. Kh1 Qf3+ 50. Kg1 1/2-1/2

[Event "Thüringenliga 2011/2012"]
[Site "?"]
[Date "2011.10.09"]
[Round "2"]
[White "Steiger, Jürgen"]
[Black "Wahlicht, Mike"]
[Result "1/2-1/2"]
[WhiteElo "1932"]
[BlackElo "1880"]
[PlyCount "105"]
[EventDate "2011.??.??"]
[WhiteTeam "TSG Apolda"]
[BlackTeam "SV Empor Erfurt"]

1. e4 c5 2. Nc3 Nc6 3. g3 e6 4. Bg2 g6 5. Nge2 Bg7 6. d3 Nge7 7. Be3 Nd4 8. O-O
O-O 9. Qd2 Qa5 10. Nxd4 cxd4 11. Nd5 Qc5 12. Nxe7+ Qxe7 13. Bh6 e5 14. Bxg7
Kxg7 15. c3 Qc5 16. Rac1 d6 17. cxd4 Qxd4 18. Rc4 Qb6 19. d4 Be6 20. d5 Bd7 21.
Rfc1 Rfc8 22. Rxc8 Rxc8 23. Rxc8 Bxc8 24. Qc3 Bg4 25. Bf1 Qd4 26. Qxd4 exd4 27.
f4 Bf3 28. Bg2 Be2 29. Kf2 Bd3 30. e5 Kf8 31. Ke1 b6 32. Kd2 Bc4 33. Bf3 Bf1
34. a3 Ke7 35. Be2 Bg2 36. Kd3 dxe5 37. fxe5 Bxd5 38. Kxd4 Bb3 39. Bf3 f6 40.
Bd5 fxe5+ 41. Kxe5 Bc2 42. Be6 Bd3 43. h4 a5 44. g4 h6 45. g5 hxg5 46. hxg5 Bc2
47. b3 Bd1 48. Bc4 Bc2 49. Bd5 Bf5 50. Bc4 Bc2 51. Kd5 b5 52. Bxb5 Bxb3+ 53.
Kc5 1/2-1/2

[Event "Thüringenliga 2011/2012"]
[Site "?"]
[Date "2011.10.09"]
[Round "2"]
[White "Zahn, Alina"]
[Black "Krug, Klaus-Peter"]
[Result "0-1"]
[WhiteElo "1798"]
[BlackElo "1954"]
[PlyCount "72"]
[EventDate "2011.??.??"]
[WhiteTeam "SV Empor Erfurt"]
[BlackTeam "TSG Apolda"]

1. e4 c5 2. Nf3 a6 3. c4 g6 4. d4 Bg7 5. Nc3 cxd4 6. Nxd4 d6 7. Be3 Nf6 8. Be2
O-O 9. O-O Nc6 10. Qd2 Ng4 11. Bxg4 Bxg4 12. h3 Bd7 13. Rac1 Qa5 14. Rfd1 Qh5
15. Nd5 Rae8 16. b4 Be5 17. Nf4 Bxf4 18. Bxf4 Nxd4 19. Qxd4 Ba4 20. Qd2 Bxd1
21. Rxd1 Rc8 22. Rc1 Qh4 23. Qe3 Qf6 24. e5 dxe5 25. Bxe5 Qe6 26. Qf4 f6 27.
Ba1 Rfd8 28. Qf3 Rxc4 29. Rb1 Qe4 30. Qxe4 Rxe4 31. a4 Rd2 32. Bc3 Rc2 33. Be1
Kf7 34. Kf1 Ke6 35. f3 Ree2 36. g3 Rh2 0-1

[Event "Thüringenliga 2011/2012"]
[Site "?"]
[Date "2011.10.09"]
[Round "2"]
[White "Neubauer, Ralf"]
[Black "Renner, Wolfgang"]
[Result "0-1"]
[WhiteElo "1848"]
[BlackElo "1764"]
[PlyCount "60"]
[EventDate "2011.??.??"]
[WhiteTeam "TSG Apolda"]
[BlackTeam "SV Empor Erfurt"]

1. Nf3 Nf6 2. g3 g6 3. Bg2 Bg7 4. d4 d5 5. O-O O-O 6. b3 c5 7. c3 cxd4 8. cxd4
Nc6 9. Bb2 Bf5 10. Nc3 Rc8 11. Rc1 Qa5 12. a3 Rc7 13. Qd2 Rfc8 14. b4 Nxb4 15.
axb4 Qxb4 16. Nh4 Bd7 17. Rfd1 a5 18. Ra1 Rxc3 19. Bxc3 Rxc3 20. Rdb1 Qc4 21.
Rxa5 b5 22. e3 Rc2 23. Qe1 Ne4 24. Bf1 Qc7 25. Ra8+ Bf8 26. Qb4 Bc6 27. Bd3
Bxa8 28. Bxc2 Qxc2 29. f3 Qf2+ 30. Kh1 Nd2 0-1

[Event "Thüringenliga 2011/2012"]
[Site "?"]
[Date "2011.10.09"]
[Round "2"]
[White "Thiemann, Jürgen"]
[Black "Römer, Norbert"]
[Result "1-0"]
[WhiteElo "1705"]
[BlackElo "1803"]
[PlyCount "83"]
[EventDate "2011.??.??"]
[WhiteTeam "SV Empor Erfurt"]
[BlackTeam "TSG Apolda"]

1. d4 Nf6 2. c4 g6 3. Nc3 d5 4. Bg5 Ne4 5. Bh4 Nxc3 6. bxc3 Bg7 7. e3 c5 8. Nf3
Qa5 9. Qb3 cxd4 10. exd4 Nc6 11. Nd2 Be6 12. Qxb7 Rc8 13. cxd5 Qxc3 14. Rd1 O-O
15. dxc6 Rxc6 16. Be2 Rb6 17. Qf3 Qxd4 18. Bg5 Qa4 19. O-O Qxa2 20. Ne4 Bd5 21.
Bxe7 Bxe4 22. Qxe4 Re6 23. Qb4 Rb6 24. Rd2 Qe6 25. Qa3 Re8 26. Bc5 Rb7 27. Bf3
Rc7 28. Re2 Qd7 29. Rxe8+ Qxe8 30. Bxa7 Qb5 31. Be3 Bf8 32. Qa8 Kg7 33. Bd4+
Kg8 34. h3 Qc4 35. Be3 Qe6 36. Bg4 f5 37. Bf3 Rc8 38. Qb7 Rd8 39. Rd1 Qe7 40.
Rxd8 Qxd8 41. Bd5+ Kh8 42. Bd4+ 1-0

[Event "Thüringenliga 2011/2012"]
[Site "?"]
[Date "2011.11.06"]
[Round "3"]
[White "Müller, Michael"]
[Black "Recknagel, Michael"]
[Result "1/2-1/2"]
[WhiteElo "2231"]
[BlackElo "2224"]
[PlyCount "39"]
[EventDate "2011.??.??"]
[WhiteTeam "SSV Vimaria 91 Weimar"]
[BlackTeam "SC Suhl"]

1. d4 d5 2. Nf3 Nf6 3. Bf4 c5 4. e3 Nc6 5. c3 Qb6 6. b3 Bf5 7. Bd3 Bg6 8. O-O
e6 9. Bxg6 hxg6 10. Qd3 Nh5 11. Be5 cxd4 12. exd4 Be7 13. Nbd2 g5 14. h3 Nxe5
15. Nxe5 Nf4 16. Qe3 f6 17. Nd3 Nxd3 18. Qxd3 Kf7 19. c4 Qd6 20. c5 1/2-1/2

[Event "Thüringenliga 2011/2012"]
[Site "?"]
[Date "2011.11.06"]
[Round "3"]
[White "Silberschlag, Jörg"]
[Black "Albrecht, Jürgen"]
[Result "1-0"]
[WhiteElo "2092"]
[BlackElo "2120"]
[PlyCount "75"]
[EventDate "2011.??.??"]
[WhiteTeam "SC Suhl"]
[BlackTeam "SSV Vimaria 91 Weimar"]

1. e4 c5 2. Nf3 Nc6 3. Nc3 d6 4. d4 cxd4 5. Nxd4 e6 6. Be3 Nf6 7. Be2 a6 8. Qd2
Be7 9. O-O-O Qc7 10. Kb1 Ne5 11. f3 Nc4 12. Bxc4 Qxc4 13. g4 Rb8 14. Nb3 b5 15.
e5 dxe5 16. Bc5 Qf4 17. Qf2 Nd7 18. Bxe7 Kxe7 19. Nc5 Qc4 20. Nxd7 Bxd7 21. Qa7
Qc6 22. Ne4 Rb7 23. Qe3 f6 24. Rd6 Qc8 25. Rhd1 Rd8 26. Nc5 Rc7 27. Nxe6 Bxe6
28. Rxd8 Qb7 29. g5 Qc6 30. gxf6+ gxf6 31. Qh6 Qxc2+ 32. Ka1 Bf7 33. Qf8+ Ke6
34. R8d6+ Kf5 35. Qh6 Bg6 36. Qh3+ Kf4 37. Qg4+ Ke3 38. Re1+ 1-0

[Event "Thüringenliga 2011/2012"]
[Site "?"]
[Date "2011.11.06"]
[Round "3"]
[White "Günther, Andreas"]
[Black "Berghof, Axel"]
[Result "1/2-1/2"]
[WhiteElo "2141"]
[BlackElo "2036"]
[PlyCount "48"]
[EventDate "2011.??.??"]
[WhiteTeam "SSV Vimaria 91 Weimar"]
[BlackTeam "SC Suhl"]

1. e4 d6 2. d4 g6 3. Bc4 Bg7 4. c3 c6 5. Be3 d5 6. exd5 cxd5 7. Bd3 Nh6 8. Qb3
Nc6 9. Nf3 Qd6 10. Na3 a6 11. O-O-O b5 12. Nc2 Nf5 13. Rhe1 O-O 14. g3 Nxe3 15.
Nxe3 Rd8 16. a3 Rb8 17. Qa2 a5 18. Bc2 a4 19. Re2 Ba6 20. Bd3 Na5 21. Kb1 e6
22. Nc2 Bc8 23. Nb4 Bf8 24. Nd2 Qb6 1/2-1/2

[Event "Thüringenliga 2011/2012"]
[Site "?"]
[Date "2011.11.06"]
[Round "3"]
[White "Feld-Gerdes, Wolfgang"]
[Black "Rensch, Toralf"]
[Result "1-0"]
[WhiteElo "2013"]
[BlackElo "2047"]
[PlyCount "47"]
[EventDate "2011.??.??"]
[WhiteTeam "SC Suhl"]
[BlackTeam "SSV Vimaria 91 Weimar"]

1. e4 Nc6 2. d4 e5 3. d5 Nce7 4. Be3 Ng6 5. g3 Be7 6. Bg2 Bg5 7. Qd2 Bxe3 8.
Qxe3 d6 9. Nd2 Nh6 10. Ne2 O-O 11. f3 c5 12. g4 f6 13. h4 Nf7 14. O-O-O b5 15.
Nf1 Ne7 16. Nfg3 g6 17. Bh3 h6 18. g5 Bxh3 19. Rxh3 hxg5 20. Rdh1 Qd7 21. hxg5
f5 22. f4 Nxg5 23. fxg5 f4 24. Qf3 1-0

[Event "Thüringenliga 2011/2012"]
[Site "?"]
[Date "2011.11.06"]
[Round "3"]
[White "Riedel, Finn"]
[Black "Koch, Stefan"]
[Result "1/2-1/2"]
[WhiteElo "2027"]
[BlackElo "1924"]
[PlyCount "99"]
[EventDate "2011.??.??"]
[WhiteTeam "SSV Vimaria 91 Weimar"]
[BlackTeam "SC Suhl"]

1. b4 d5 2. Bb2 Qd6 3. a3 Nf6 4. Nf3 g6 5. Be5 Qd8 6. e3 Bg7 7. c4 O-O 8. cxd5
Nxd5 9. Bxg7 Kxg7 10. Qb3 Nb6 11. d4 Be6 12. Qc2 f6 13. Bd3 N8d7 14. h4 Rh8 15.
h5 g5 16. h6+ Kg8 17. Nbd2 Nf8 18. Ne4 Bf7 19. Rh3 Ng6 20. Rg3 Qf8 21. Qxc7
Qxh6 22. Ke2 Qf8 23. Nc5 Rb8 24. Nd7 Nxd7 25. Qxd7 Qc8 26. Qa4 Qc3 27. Rd1 Bb3
28. Qb5 Bxd1+ 29. Kxd1 Rc8 30. Nd2 Kg7 31. f4 gxf4 32. exf4 Qxd4 33. Qxb7 Kf7
34. Bf5 Qg1+ 35. Ke2 Nxf4+ 36. Kf3 Qd1+ 37. Kxf4 Qxd2+ 38. Re3 Qf2+ 39. Rf3
Rc4+ 40. Be4 Qd2+ 41. Re3 Rd8 42. Kf3 Qd1+ 43. Kf2 Qd2+ 44. Kf3 Kf8 45. Bd3
Rxd3 46. Qxe7+ Kg8 47. Qe8+ Kg7 48. Qe7+ Kg6 49. Qe8+ Kh6 50. Qf8+ 1/2-1/2

[Event "Thüringenliga 2011/2012"]
[Site "?"]
[Date "2011.11.06"]
[Round "3"]
[White "Stiefel, Roland"]
[Black "Müller, Bernd"]
[Result "1-0"]
[WhiteElo "1985"]
[BlackElo "1738"]
[PlyCount "63"]
[EventDate "2011.??.??"]
[WhiteTeam "SSV Vimaria 91 Weimar"]
[BlackTeam "SC Suhl"]

1. d4 f5 2. Bf4 Nf6 3. e3 e6 4. Nd2 Be7 5. h3 d5 6. Ngf3 O-O 7. Bd3 Ne4 8. Ne5
Nd7 9. O-O Nxe5 10. Bxe5 Bd7 11. c4 c6 12. f3 Nxd2 13. Qxd2 Be8 14. Qc2 Bg6 15.
c5 Bf6 16. Bd6 Be7 17. Bh2 Bf6 18. b4 a6 19. a4 Qd7 20. Rab1 Bd8 21. b5 Bc7 22.
Bxc7 Qxc7 23. bxa6 bxa6 24. Rb6 a5 25. Rfb1 Rfb8 26. f4 Be8 27. Qc3 Rxb6 28.
cxb6 Qb7 29. Qc5 Bd7 30. Qd6 Rb8 31. Ba6 Qxa6 32. Qxb8+ 1-0

[Event "Thüringenliga 2011/2012"]
[Site "?"]
[Date "2011.11.06"]
[Round "3"]
[White "Fuhrmann, Christian"]
[Black "Gulich, Christian"]
[Result "0-1"]
[WhiteElo "1803"]
[BlackElo "1963"]
[PlyCount "82"]
[EventDate "2011.??.??"]
[WhiteTeam "SC Suhl"]
[BlackTeam "SSV Vimaria 91 Weimar"]

1. d4 f5 2. c4 g6 3. Nc3 Nf6 4. Nf3 Bg7 5. g3 d6 6. Bg2 O-O 7. O-O c6 8. e3 Qe8
9. Qc2 e5 10. dxe5 dxe5 11. b3 h6 12. Bb2 Nh5 13. Rad1 Be6 14. Rd2 Nd7 15. Rfd1
g5 16. Ba3 Qf7 17. Bxf8 Rxf8 18. Rd6 f4 19. Qd2 Nb6 20. c5 Nd5 21. e4 Nc7 22.
Rd8 Ne8 23. Rd3 Qc7 24. Ne2 g4 25. Nh4 f3 26. Nxf3 gxf3 27. Bxf3 Nhf6 28. Bg2
Qf7 29. h3 Qh5 30. h4 Qg6 31. Rd8 Nxe4 32. Bxe4 Qxe4 33. Qe3 Qg6 34. Kg2 Bg4
35. Re1 Bf3+ 36. Kf1 Qg4 37. Ng1 Bd5 38. Rc1 Bf6 39. Qe2 Qxe2+ 40. Nxe2 Bxd8
41. Nc3 Nf6 0-1

[Event "Thüringenliga 2011/2012"]
[Site "?"]
[Date "2011.11.06"]
[Round "3"]
[White "Urban, Lars"]
[Black "du Maire, Jérôme"]
[Result "1/2-1/2"]
[WhiteElo "1935"]
[BlackElo "2008"]
[PlyCount "35"]
[EventDate "2011.??.??"]
[WhiteTeam "SV Empor Erfurt"]
[BlackTeam "SV 1861 Liebschwitz"]

1. d4 d5 2. c4 e6 3. Nc3 Be7 4. Nf3 Nf6 5. cxd5 exd5 6. Bg5 c6 7. Qc2 Na6 8. a3
g6 9. e3 Bf5 10. Bd3 Bxd3 11. Qxd3 O-O 12. b4 Ne4 13. Bxe7 Qxe7 14. O-O Nc7 15.
Rfb1 Nxc3 16. Qxc3 Nb5 17. Qc5 Nd6 18. a4 1/2-1/2

[Event "Thüringenliga 2011/2012"]
[Site "?"]
[Date "2011.11.06"]
[Round "3"]
[White "Zeidler, Andreas"]
[Black "Buckan, Jens"]
[Result "1/2-1/2"]
[WhiteElo "2119"]
[BlackElo "1956"]
[PlyCount "80"]
[EventDate "2011.??.??"]
[WhiteTeam "SV 1861 Liebschwitz"]
[BlackTeam "SV Empor Erfurt"]

1. d4 Nf6 2. Nf3 c5 3. c3 e6 4. Nbd2 d5 5. e3 Nbd7 6. Bd3 Qc7 7. O-O Bd6 8. h3
O-O 9. e4 cxd4 10. Nxd4 a6 11. exd5 Nxd5 12. Ne4 Bf4 13. Ng5 N7f6 14. Qf3 Bxc1
15. Raxc1 Qf4 16. Ne4 Qxf3 17. Nxf3 Nf4 18. Nxf6+ gxf6 19. Rcd1 e5 20. Be4 Be6
21. Rd2 Rab8 22. Bb1 b5 23. Nh4 b4 24. cxb4 Rxb4 25. Nf5 Rfb8 26. b3 Bxf5 27.
Bxf5 a5 28. g3 Ne6 29. Bxe6 fxe6 30. Rd6 Kf7 31. Rc1 R8b7 32. Ra6 a4 33. bxa4
Rb2 34. Rcc6 Re7 35. a5 Rxa2 36. h4 e4 37. g4 e3 38. fxe3 Rd7 39. Rd6 Rc7 40.
Rdc6 Rd7 1/2-1/2